Longman commercial communication : teacher's guide /

Guardado en:
Autor Principal: Stanton, A. J.
Formato: Libro
Publicado: Estados Unidos de América : Longman, 1988
Etiquetas: Agregar Etiqueta
Sin Etiquetas, Sea el primero en etiquetar este registro!
LEADER 00516nam a22001575a 4500
001 CEM.cems007298
005 20060214000000.0
008 130507s1988##################000#0#####d
003 CEMS
082 0 4 |a 428.64 
100 1 |a Stanton, A. J. 
245 1 0 |a Longman commercial communication :  |b teacher's guide / 
260 |a Estados Unidos de América :  |b Longman,  |c 1988 
300 |a 61 p.1 
859 |a CEMS  |b BIB. CEMS - 11 de abril  |h 428.64  |i St26-1  |p 17137.93  |t Ej.1 
859 |a CEMS  |b BIB. CEMS - 11 de abril  |h 428.64  |i St26-1  |p 17153.93  |t Ej.2